000 00926nac a22003017a 4500
001 BR9400127
003 BR-BrBNA
005 20240105121509.0
008 230509b bl.|||m| |||| 00| 0 por d
040 _aBR-BrBNA
_bpor
_cBiblioteca Nacional de Agricultura
072 _aP32
090 _aP32 BR9400127
100 1 _aSetzer, J.
110 1 _aSecretaria da Agricultura, Sao Paulo, SP (Brasil). Diretoria de Publicidade Agricola
245 1 _aOs solos dos grupos 19 a 22
260 3 _aSao Paulo, SP (Brasil):
_c1949.
300 _a26 p.
490 _aPublicacao - Secretaria da Agricultura. Diretoria de Publicidade Agricola (Brazil)
_vno. 746
_x
650 _aSolo
650 _aTopografia
650 _aMangue
650 _aClassificacao do Solo
650 _aBacia Hidrografica
650 _aIrrigacao
650 _aSao Paulo
909 _a202312
_bLúcia Elande
_c55
_dLúcia Elande
942 _2AGRIS
_n0
_cMS
999 _c285634
_d285634